| 000 | 00747cab a2200217 4500 | ||
|---|---|---|---|
| 001 | ABS49184 | ||
| 008 | 090401t1993 xxu||||| |||| 00| 0 eng d | ||
| 035 | _a(Sirsi) u70281 | ||
| 041 | _aeng | ||
| 100 | _aWaterson, G. | ||
| 245 | _aLeasehold enfranchisement: Part I of the Leasehold Reform, Housing and Urban Development Bill 1993 | ||
| 260 | _c1993 | ||
| 350 | _a0 | ||
| 490 |
_aProperty Management _v11(3) Summer 1993, 246-260(15) |
||
| 520 | _aOutlines Part 1, Leasehold Enfranchisement, of the Housing and Urban Development Bill 1993. References. | ||
| 650 | _aHOUSING AND URBAN DEVELOPMENT BILL 1993 | ||
| 650 | _aLEASEHOLD ENFRANCHISEMENT | ||
| 690 | _aLANDLORD AND TENANT-LEASEHOLD REFORM | ||
| 942 | _n0 | ||
| 948 | _c04/03/1997 | ||
| 999 |
_c44197 _d44197 |
||